| 000 | 01187cam a22003374a 4500 | ||
|---|---|---|---|
| 999 |
_c7712 _d7712 |
||
| 001 | 13118017 | ||
| 003 | OSt | ||
| 005 | 20201118152933.0 | ||
| 008 | 030310s2004 mau 001 0 eng | ||
| 010 | _a 2003046327 | ||
| 020 | _a9780070635531 | ||
| 020 | _a0070635536 | ||
| 040 |
_aDLC _cDLC _dDLC |
||
| 042 | _apcc | ||
| 050 | 0 | 0 |
_aHF5635 _b.A69 2004 |
| 082 | 0 | 0 |
_a657 _221 _bANT/A |
| 100 | 1 |
_aAnthony, Robert N. _q(Robert Newton), _d1916-2006 _91226 |
|
| 245 | 1 | 0 |
_aAccounting, text and cases / _cRobert N. Anthony, David F. Hawkins, Kenneth A. Merchant. |
| 250 | _a12th ed. | ||
| 260 |
_aNew Delhi : _bMcGraw-Hill, _cc2006. |
||
| 300 |
_axxvi, 933 p. : _c26 cm. |
||
| 500 | _aIncludes indexes. | ||
| 650 | 0 |
_aAccounting. _92459 |
|
| 650 | 0 |
_aAccounting _vCase studies. _92459 |
|
| 700 | 1 |
_aHawkins, David F. _91227 |
|
| 700 | 1 |
_aMerchant, Kenneth A. _91229 |
|
| 856 | 4 | 1 |
_3Table of contents only _uhttp://www.loc.gov/catdir/enhancements/fy0702/2003046327-t.html |
| 906 |
_a7 _bcbc _corignew _d1 _eocip _f20 _gy-gencatlg |
||
| 942 |
_2ddc _cBK _h657 _iANT/A _k657 _mANT/A |
||